000 00579nam a2200205 a 4500
005 20140310183519.0
008 110128s19uu xx 00 eng d
020 _a9780789742919
050 _aQA 76.76.O63
_b.B7821 2010
100 _aBruzzese, Peter
245 _aUsing Microsoft windows 7 /
_cPeter Bruzzese.
260 _aUSA :
_bQUE,
_c2010.
300 _a343 p. :
_bill. ;
_c23 cm.
521 _aIT
650 _aMicrosoft windows(Computer file)
650 _aOperating systems( Computers)
700 _aNick Saccomanno
942 _cBK
_2lcc
_kFOR
999 _c24359
_d24359